Green farms (Record no. 50220)

MARC details
000 -LEADER
fixed length control field 00725cab a2200229 4500
001 - CONTROL NUMBER
control field WB3329-55
008 - FIXED-LENGTH DATA ELEMENTS--GENERAL INFORMATION
fixed length control field 090401t1997 xxu||||| |||| 00| 0 eng d
035 ## - SYSTEM CONTROL NUMBER
System control number (Sirsi) u79822
041 ## - LANGUAGE CODE
Language code of text/sound track or separate title eng
245 ## - TITLE STATEMENT
Title Green farms
260 ## - PUBLICATION, DISTRIBUTION, ETC.
Date of publication, distribution, etc. 1997
350 ## - PRICE (NR) (BK AM CF MU VM SE) [OBSOLETE]
Price 0
490 ## - SERIES STATEMENT
Series statement Financial Times
Volume/sequential designation 23 July 1997, 12(2)
520 ## - SUMMARY, ETC.
Summary, etc. Food quality assurance schemes such as Leaf (Linking Environment and Farming) have taken off in recent months, as more farmers turn to environmentally friendly methods to boost their income.
650 ## - SUBJECT ADDED ENTRY--TOPICAL TERM
Topical term or geographic name entry element ENVIRONMENTALLY FRIENDLY FARMING
650 ## - SUBJECT ADDED ENTRY--TOPICAL TERM
Topical term or geographic name entry element FOOD QUALITY
650 ## - SUBJECT ADDED ENTRY--TOPICAL TERM
Topical term or geographic name entry element LEAF
650 ## - SUBJECT ADDED ENTRY--TOPICAL TERM
Topical term or geographic name entry element QUALITY ASSURANCE SCHEMES
690 ## - LOCAL SUBJECT ADDED ENTRY--TOPICAL TERM (OCLC, RLIN)
Topical term or geographic name as entry element RURAL PRACTICE
942 ## - ADDED ENTRY ELEMENTS (KOHA)
Suppress in OPAC 0
948 ## - LOCAL PROCESSING INFORMATION (OCLC); SERIES PART DESIGNATOR (RLIN)
c (OCLC) 23/07/1997
Holdings
Withdrawn status Lost status Source of classification or shelving scheme Damaged status Not for loan Home library Current library Shelving location Date acquired Total Checkouts Full call number Barcode Date last seen Copy number Price effective from Koha item type
    Dewey Decimal Classification     London London News article 14/09/1999   WB3329-55 79822-1001 06/08/2019 1 06/08/2019 News article